000 00508cam a2200193ua 4500
001 3483
005 20260515113703.0
008 120118n ii |||gr||||Z||||||asm
040 _cMAIN
082 _a491.451
100 _aBora, Lilabati Saikia,
245 1 1 _aMadhav Kandalir Ramayanar Bhasa
_cby Lilabati Saikia Bora
250 _a1st.
260 _aJorhat:
_bAssam sahitya sabha,993.
300 _a145p:
_c23cm.
653 _aAssamese language
653 _aMadhav Kandalir Ramayanar Bhasa
942 _cBK
999 _c3323
_d3323